000 00581nam a2200205 a 4500
005 20140310183317.0
008 051129s19uu xx 00 eng d
020 _a0131713582
050 _aRM 301.12
_b.W691 2006
100 _aWilson, Billie Ann
245 _aPrentice Hall :
_bnurse's drug guide 2006 /
_cBillie Ann Wilson.
260 _aNew Jersey :
_bPearson Prentice Hall,
_c2006.
300 _a1871 p. :
_c21 cm.
521 _aNUR
650 _aDrug guide.
700 _aShannon, Margaret T.
700 _aStang, Carolyn L.
942 _cBK
_2lcc
_kFOR
999 _c21310
_d21310